000 00651nam a2200229Ia 4500
003 OSt
005 20220918200348.0
006 a|||||r|||| 00| 0
007 ta
008 220917b |||||||| |||| 00| 0 eng d
024 _a88,506
037 _cTextual
040 _aARTS
_cARTS
_beng
041 _2eng
_aeng
082 _aT4u73:N3, G9
100 _aBradby Edward ed
_993834
245 0 _aUniversity outside Europe
_b essays on the development of university institution in fourteen countries
260 _c1939
650 _aHIGHER EDUCATION
942 _hT4u73:N3, G9
_cTEXL
_2CC
999 _c212194
_d212194